000 00414nam a2200169 a 4500
001 2692
005 20140414131902.0
008 050924s19uu xx 00 eng d
020 _a0-448-08940-8
050 _aFIC
_bD54 #40
100 _aFranklin W. Dixon
245 _aMystery of the desert giant.
260 _aNew York :
_bGrosset & Dunlap.
300 _ap. ; cm.
440 _aHardy boys
999 _c110733
_d110733